An engineer's introduction to programming with MATLAB 2017/ (Record no. 6072)

MARC details
000 -LEADER
fixed length control field 00748nam a22002177a 4500
003 - CONTROL NUMBER IDENTIFIER
control field OSt
005 - DATE AND TIME OF LATEST TRANSACTION
control field 20251124113230.0
008 - FIXED-LENGTH DATA ELEMENTS--GENERAL INFORMATION
fixed length control field 251124b |||||||| |||| 00| 0 eng d
020 ## - INTERNATIONAL STANDARD BOOK NUMBER
International Standard Book Number 978-1-63057-125-2
040 ## - CATALOGING SOURCE
Original cataloging agency DWCL-Main lib
Transcribing agency OC
082 ## - DEWEY DECIMAL CLASSIFICATION NUMBER
Classification number Circ. 620.002 L816e 2017
100 ## - MAIN ENTRY--PERSONAL NAME
Personal name Lockhart, Shawna D.
245 ## - TITLE STATEMENT
Title An engineer's introduction to programming with MATLAB 2017/
Statement of responsibility, etc. Shawna D. Lockhart
260 ## - PUBLICATION, DISTRIBUTION, ETC.
Place of publication, distribution, etc. Mission, KS:
Name of publisher, distributor, etc. SDC publications ,
Date of publication, distribution, etc. c2017.
300 ## - PHYSICAL DESCRIPTION
Extent iv, 222 pages :
Other physical details illustrations ; various pages ;
Dimensions 28cm.
504 ## - BIBLIOGRAPHY, ETC. NOTE
Bibliography, etc. note Includes index
650 ## - SUBJECT ADDED ENTRY--TOPICAL TERM
Topical term or geographic name entry element 1. Engineering mathematics-- data processing
650 ## - SUBJECT ADDED ENTRY--TOPICAL TERM
Topical term or geographic name entry element 2. MATLAB
650 ## - SUBJECT ADDED ENTRY--TOPICAL TERM
Topical term or geographic name entry element 3. Numerical analysis -- computer programs
942 ## - ADDED ENTRY ELEMENTS (KOHA)
Source of classification or shelving scheme Dewey Decimal Classification
Koha item type Book Circulation
Call number prefix Circ.
Suppress in OPAC No
952 ## - LOCATION AND ITEM INFORMATION (KOHA)
--
Holdings
Withdrawn status Lost status Source of classification or shelving scheme Damaged status Not for loan Home library Current library Shelving location Date acquired Source of acquisition Total Checkouts Full call number Barcode Date last seen Copy number Price effective from Koha item type Uniform Resource Identifier
    Dewey Decimal Classification     College Library College Library Circulation 10/28/2021 School Fund   Circ. 620.002 L816e 2017 CL52977 11/24/2025 c1 11/24/2025 BK-CIRC